000 00920nam a2200217Ii 4500
003 JO-AjNU
008 230605s9999||||xx |||||||||||||| ||und||
017 _a2012/15/1518
020 _a978-9957-49-075-1
040 _aJO-AjNU
_bara
_erda
_cJO-AjNU
041 _aara
050 1 4 _aBP184.72.I26 2013
100 3 _aتاليف أبن ظهيرة الشافعي المكي، فخر الدين أبي بكر بن علي بن محمد 889-1384 هجري؛ دراسة وتحقيق ياسر سلامة أبو طعمة,
_eauthor
_948678
245 0 0 _aغنية الفقير في خكم حج الأجير
264 3 1 _aالقاهرة: وزارة الثقافة، 2013
300 _a299ص
_bاصدارات عجلون مدينة الثقافة الاردنية، 2013
336 _atext
_btxt
_2rdacontent
337 _aunmediated
_bn
_2rdamedia
338 _avolume
_bnc
_2rdacarrier
650 4 _aالحج -الاسلام
_948679
999 _aA21334
_c24902
_d24902